Toute les races de chat en M - Statistiques

Statistiques générales
  • Ce quiz a été pris 5 fois
  • Le résultat moyen est 1 sur 7
Statistiques - réponses
Régions Réponses % Correct
1 États-Unis, Maine Maine coon
100%
3 Île de Man Manx
20%
2 États-Unis Mandarin
0%
4 Arabie saoudite Mau arabe
0%
5 Égypte Mau égyptien
0%
6 Russie Minskin
0%
7 États-Unis Munchkin
0%
Aucun quiz correspondant
Distribution des résultats
% des personnes avec chaque résultat
Percentile par nombre de réponses
Votre historique - résultats
Vous n’avez pas pris ce quiz